000 00289nam a22001337a 4500
008 171016b xxu||||| |||| 00| 0 eng d
020 _a0669289612
041 _aeng
080 _a33
100 _a52
101 _aEKO
245 _aPRINCIPLES OF ECONOMICS
_cKEARL,J,R
942 _2udc
_cBK
999 _c34124
_d34124